000 00765cam a22002413a 4500
001 30478
003 PGUSA
005 20140828083647.0
008 091115s2009||||xxu|||||s|||||000 | eng d
040 _aPGUSA
_beng
042 _adc
050 4 _aTX
100 1 _aAlcott, William A.
_q(William Andrus),
_d1798-1859
245 1 0 _aVegetable Diet :
_bAs Sanctioned by Medical Men, and by Experience in All Ages : Including a System of Vegetable Cookery
_h[electronic resource] /
_cWilliam A. Alcott
260 _bProject Gutenberg,
_c2009
506 _aPublic domain in the USA.
516 _aElectronic text
653 _aFood
653 _aVegetarianism
830 0 _aProject Gutenberg
_v30478
856 4 0 _uhttp://www.gutenberg.org/ebooks/30478
942 _cEB
999 _c259733
_d259733